An Investigation into Periphrasis in English and Vietnamese Conversation / Speaking
Introduction; Theoretical background; Methodology and procedures...
Enregistré dans:
| Auteur principal: | |
|---|---|
| Autres auteurs: | |
| Format: | Thèse |
| Langue: | English |
| Publié: |
2007.
|
| Sujets: | |
| Tags: |
Ajouter un tag
Pas de tags, Soyez le premier à ajouter un tag!
|
| Thư viện lưu trữ: | Mạng thư viện Đại học Đà Nẵng |
|---|
| LEADER | 01365na a2200361 4500 | ||
|---|---|---|---|
| 001 | 000031717 | ||
| 003 | 6956 | ||
| 005 | 20221231143628.0 | ||
| 008 | 151001s2007 000 eng | ||
| 040 | |a LNN | ||
| 041 | |a eng | ||
| 082 | |a 420.8 |b ĐO-H |2 Speaking | ||
| 100 | |a Đoàn Thị Thanh Hoa | ||
| 245 | 3 | |a An Investigation into Periphrasis in English and Vietnamese Conversation / |c Đoàn Thị Thanh Hoa |n Speaking | |
| 260 | |c 2007. | ||
| 300 | |a 95tr. : mh ; 30cm. | ||
| 502 | |a M.A. thesis in the English language. | ||
| 520 | |a Introduction; Theoretical background; Methodology and procedures... | ||
| 650 | |a An Investigation into Periphrasis in English and Vietnamese Conversation, Speaking, 2007 | ||
| 700 | |a Tran Manh Quang |b M.A |c huong dan | ||
| 852 | |c Luận văn Thạc sĩ | ||
| OWN | |a LNN | ||
| AVA | |a UDN50 |b LNN |c English |d 420.8 ĐO-H |e available |t Error 5001 Not defined in file expand_doc_bib_avail. |f 1 |g 0 |h N |i 0 |j AN |k 1 | ||
| 999 | |a From the UDN01 | ||
| AVA | |a UDN50 |b LNN |c English |d 420.8 ĐO-H |e available |t Error 5001 Not defined in file expand_doc_bib_avail. |f 1 |g 0 |h N |i 0 |j AN |k 1 | ||
| TYP | |a Dissertation | ||
| TYP | |a Printed language | ||
| 980 | |a Mạng thư viện Đại học Đà Nẵng | ||